इंटर विश्व इतिहास / (Record no. 18666)

MARC details
000 -LEADER
fixed length control field 01192nam a22002657a 4500
005 - DATE AND TIME OF LATEST TRANSACTION
control field 20081117123210.0
008 - FIXED-LENGTH DATA ELEMENTS--GENERAL INFORMATION
fixed length control field 081117t xxu||||| |||| 00| 0 hin d
010 ## - LCCN (DPL NO)
LC control number HIN-85047
020 ## - INTERNATIONAL STANDARD BOOK NUMBER
Terms of availability 95.00
International Standard Book Number 8122503519
035 ## - SYSTEM CONTROL NUMBER
System control number HN-57393
037 ## - SOURCE OF ACQUISITION
Source of stock number/acquisition DBAD / PUB
040 ## - CATALOGING SOURCE
Original cataloging agency DPL
Language of cataloging HN
082 ## - DEWEY DECIMAL CLASSIFICATION NUMBER
Classification number 909
100 ## - MAIN ENTRY--PERSONAL NAME
Personal name राय, कौलेश्वर
245 ## - TITLE STATEMENT
Title इंटर विश्व इतिहास /
Statement of responsibility, etc कौलेश्वर राय तथा जयदीप कुमार
246 ## - VARYING FORM OF TITLE
Title proper/short title Inter vishava Itihaasa
Remainder of title by Koleshawar Rai
260 ## - PUBLICATION, DISTRIBUTION, ETC. (IMPRINT)
Place of publication, distribution, etc इलाहाबाद
Name of publisher, distributor, etc किताब महल एजेन्सीज़
Date of publication, distribution, etc 2008
270 ## - ADDRESS
Address 22, सरोजिनी नायडू मार्ग
City इलाहाबाद
Postal code 211001
Telephone number 2423466, 2424154
300 ## - PHYSICAL DESCRIPTION
Extent 432 पृ
Dimensions 22सेमी (अजिल्द)
650 ## - SUBJECT ADDED ENTRY--TOPICAL TERM
Topical term or geographic name as entry element विश्व इतिहास
650 ## - SUBJECT ADDED ENTRY--TOPICAL TERM
Topical term or geographic name as entry element World history
700 ## - ADDED ENTRY--PERSONAL NAME
Personal name जयदीप कुमार
942 ## - ADDED ENTRY ELEMENTS (KOHA)
Source of classification or shelving scheme Dewey Decimal Classification
Item type Hindi Books
Call number suffix रायकौ
Classification part 909
Holdings
Withdrawn status Lost status Source of classification or shelving scheme Damaged status Not for loan Home library Current library Date acquired Cost, normal purchase price Total Checkouts Full call number Barcode Date last seen Copy number Cost, replacement price Koha item type
    Dewey Decimal Classification   Not For Loan D.B.Act.Division D.B.Act.Division 19/11/2008 95.00   909 रायकौ HN-57393 19/11/2008 1 95.00 Hindi Books

© Delhi Public Library
Hit Counter
free hit counter